Právo usadiť sa a zriaďovanie pobočiek a premiestnenie sídla bakalárska práca

Enregistré dans:
Détails bibliographiques
Auteur principal: Minarovičová, Eva
Collectivités auteurs: Ekonomická univerzita v Bratislave. Národohospodárska fakulta, Univerzita Komenského v Bratislave. Právnická fakulta
Autres auteurs: Blažo, Ondrej
Format: Livre
Langue:slovaque
Publié: Bratislava 2018
Tags: Ajouter un tag
Pas de tags, Soyez le premier à ajouter un tag!

MARC

LEADER 00000nbm a2200000 4500
001 0245953
005 20181214092229.5
041 0 |a slo 
044 |a SK 
245 1 0 |a Právo usadiť sa a zriaďovanie pobočiek a premiestnenie sídla  |b bakalárska práca  |c Eva Minarovičová ; školiteľ: Ondrej Blažo 
264 1 |a Bratislava  |c 2018 
300 |a 59 s. 
100 1 |a Minarovičová, Eva 
700 1 |a Blažo, Ondrej 
710 2 |a Ekonomická univerzita v Bratislave. Národohospodárska fakulta 
710 2 |a Univerzita Komenského v Bratislave. Právnická fakulta